000 00699nam a22002177a 4500
005 20260408112033.0
010 _aB-761467 ENG-148182
020 _a9788178063348
_c225.00
035 _aB-761467
035 _aEN-131714
037 _bGift
037 _bDBAD
082 _a151
100 _aChayanika Singh
_975267
245 _aHow Your Personality Makes or Breaks Your Child;
_bA Self- Assessment Guide for Parents/
_cChayanika Singh
260 _aNew Delhi
_bUnicorn Books
_c2023
270 _aF-2/16, Ansari Road, Daryaganj,
_bNew Delhi
_e110002
300 _a199p.
_c22cm(pb)
942 _2ddc
_cCH
_mCHA
_h151
999 _c207758
_d207758